000 00718cam a2200241 a 4500
999 _c16692
_d16692
003 OSt
005 20180518144024.0
008 040621s2005 cau b 001 0 eng
020 _a9780761927457
020 _a9780761927464
040 _aSEU
050 0 0 _aHA 31.2
_b.C93 2005
100 1 _aCzaja, Ronald.
245 1 0 _aDesigning surveys :
_ba guide to decisions and procedures /
_cRonald Czaja, Johnny Blair.
250 _a2nd ed.
260 _aThousand Oaks, Calif. :
_bPine Forge Press,
_c2005.
300 _axii, 301 p. ;
504 _aIncludes bibliographical references (p. 285-293) and index.
650 0 _aSurveys.
650 0 _aSampling (Statistics)
700 1 _aBlair, Johnny.
942 _2lcc
_cGEN